Duck Bob's General Knowledge - Statistics

General Stats
  • This quiz has been taken 27 times
  • The average score is 8 of 20
Answer Stats
Hint Answer % Correct
The first book printed on a printing press The Bible
92%
The two US states that don't follow Daylight Savings Time Hawaii
75%
Disease that spread to the Americas and killed up to 95% of the population Smallpox
71%
Name of the standard US keyboard QWERTY
67%
Actor who starred in Roman Holiday and To Kill a Mockingbird Gregory Peck
50%
What does the R stand for in BRICS Russia
50%
Standard units for a force Newtons
46%
The world's most populated island Java
42%
Country with the highest obesity rate Nauru
42%
The two conferences that the NFL is split into American Football Conference
38%
The two US states that don't follow Daylight Savings Time Arizona
38%
The two conferences that the NFL is split into National Football Conference
38%
Logo of the programming language Java Coffee Cup
33%
Pokémon number 25 Pikachu
25%
Treaty that divided the New World between Spain and Portugal The Treaty of Tordesillas
25%
US Supreme Court case that gave the power of judicial review Marbury v Madison
21%
Abbreviation of the Dutch East India Company VOC
21%
King of the Incas who was stoned to death on top of a ziggurat Atahualpa
17%
The first three words of Moby Dick Call me Ismael
13%
Latin name of Mercury (the metal not the god) Hydrargyrum
8%
No matching quizzes found
Score Distribution
Percent of People with Each Score
Percentile by Number Answered
Your Score History
You have not taken this quiz